أنيس الساري في تخريج وتحقيق الأحاديث التي ذكرها الحافظ ابن حجر العسقلاني في فتح الباري / (رقم التسجيلة. 7608)
[ عرض عادي ]
| 000 -الفاتح | |
|---|---|
| حقل البيانات ثابتة الطول | 01207cam a2200229 a 4500 |
| 003 - محدد رقم الضبط | |
| رقم الضبط | OSt |
| 005 - وقت وتاريخ اخر تعامل مع التسجيلة | |
| رقم الضبط | 20150408113825.0 |
| 008 - عناصر البيانات ثابتة الطول - معلومات عامة | |
| حقل البيانات ثابتة الطول | 070218s2005 le g 000 0 ara c |
| 040 ## - مصدر الفهرسة | |
| وكالة الفهرسة الأصلية | mu |
| لغة الفهرسة | ara |
| وكالة النسخ | mb |
| 082 04 - رقم تصنيف ديوى العشرى | |
| رقم التصنيف | 237.6 |
| رقم الطبعة | 21 |
| 100 1# - المدخل الرئيسى - إسم شخصى | |
| الإسم الشخصى | البصارة، نبيل بن منصور بن يعقوب |
| 9 (RLIN) | 3871 |
| 245 10 - بيان العنوان | |
| العنوان | أنيس الساري في تخريج وتحقيق الأحاديث التي ذكرها الحافظ ابن حجر العسقلاني في فتح الباري / |
| بيان المسئوليه,etc | نبيل بن منصور بن يعقوب البصارة. |
| 250 ## - بيان الطبعة | |
| بيان الطبعة | ط. 1. |
| 260 ## - PUBLICATION, DISTRIBUTION, ETC. (IMPRINT) | |
| مكان الناشر او الموزع | بيروت : |
| اسم الناشر او الموزع | مؤسسة الريان : |
| -- | مؤسسة السماحة للطباعة والنشر والتوزيع، |
| تاريخ النشر أو التوزيع | 2005 |
| 300 ## - الوصف المادى | |
| التعداد | 11 ج. ؛ |
| أبعاد الوعاء | 24 سم. |
| 650 #7 - المدخل الاضافى بالموضوع-مصطلح موضوعى | |
| مصطلح موضوعي أو اسم جغرافي كعنصر مدخل | الحديث |
| التقسيم الفرعي العام | مستخرجات |
| مصدر الرأس أو المصطلح | aucsh |
| 9 (RLIN) | 1240 |
| 700 12 - المدخل الاضافى - اسم شخصى | |
| الإسم الشخصى | ابن حجر العسقلاني، أحمد بن علي بن محمد، |
| التواريخ المصاحبة للاسم | 773-852 هـ. |
| عنوان العمل | فتح الباري بشرح صحيح البخاري. |
| 9 (RLIN) | 2224 |
| 700 12 - المدخل الاضافى - اسم شخصى | |
| الإسم الشخصى | البخاري، محمد بن إسماعيل بن إبراهيم، |
| التواريخ المصاحبة للاسم | 194-256 هـ. |
| عنوان العمل | صحيح البخاري. |
| 9 (RLIN) | 560 |
| 740 02 - المدخل الاضافى - عنوان مرتبط/تحليلى غير مقيد | |
| العنوان التحليلي/ الرابط غير مقيد | فتح الباري بشرح صحيح البخاري. |
| 740 02 - المدخل الاضافى - عنوان مرتبط/تحليلى غير مقيد | |
| العنوان التحليلي/ الرابط غير مقيد | صحيح البخاري. |
| 942 ## - عناصر المدخل الإضافي( كوها) | |
| مصدر التصنيف او مخطط الترفيف | Dewey Decimal Classification |
| Koha [default] item type | مراجع |
| حالة الفقد | نموذج السعر الفعال | حالة تلف | ليس للاعارة | رقم الطلب | تاريخ الاكتساب | الموقع الحالي | الباركود | الفرع الرئيسي | Date last seen | نوع المادة فى نظام كوها | مصدر التصنيف او خطة الترفيف | Total Checkouts |
|---|---|---|---|---|---|---|---|---|---|---|---|---|
| 2013-03-10 | 237.6 مج1 ب ن ا | 2011-09-06 | المكتبة المركزية بالمجمعة (CL) | 00066685 | المكتبة المركزية بالمجمعة (CL) | 2013-03-10 | مراجع | Dewey Decimal Classification |
